Bahnhöfe an der Berliner Stadtbahn - Statistiken

Allgemein
  • Dieses Quiz wurde 127 mal gespielt
    79 seit der letzten Aktualisierung
  • Das Durchschnittsergebnis liegt bei 9 aus 11
Antwortstatistiken
Bahnhof % Korrekt
Hauptbahnhof
93%
Friedrichstraße
90%
Ostbahnhof
90%
Alexanderplatz
89%
Charlottenburg
88%
Zoologischer Garten
86%
Bellevue
75%
Tiergarten
74%
Jannowitzbrücke
70%
Hackescher Markt
62%
Savignyplatz
52%
Keine übereinstimmenden Quizze gefunden
Verteilung der Resultate
Anzahl Personen mit jedem Resultat
Perzentil nach korrekt beantworteten Fragen
Ihre Resultats-Entwicklung
Sie haben dieses Quiz seit der letzten Aktualisierung nicht gespielt